[Event "DEM U16w 2017"]
[Site "Willingen GER"]
[Date "2017.06.09"]
[Round "8"]
[White "Köhler, Inken"]
[Black "Schulze, Lara"]
[Result "0-1"]
[Termination "normal"]
[Board "1"]
[BlackTitle "WFM"]
[WhiteElo "1870"]
[BlackElo "2171"]
[WhiteClock "00:01:26"]
[BlackClock "00:01:57"]
[PlyCount "128"]
[WhiteFideId "12929301"]
[BlackFideId "12956830"]
[EventCountry "GER"]
[EventRounds "9"]
[EventType "swiss"]
[EventDate "2017.06.03"]

1. d4 {[%clk 1:30:58]} 1... Nf6 {[%clk 1:30:53]} 2. Bf4 {[%clk 1:31:20]} 2...
d6 {[%clk 1:28:30]} 3. e3 {[%clk 1:31:26]} 3... g6 {[%clk 1:28:48]} 4. Nf3 {
[%clk 1:30:56]} 4... Bg7 {[%clk 1:29:05]} 5. Be2 {[%clk 1:30:41]} 5... O-O {
[%clk 1:27:40]} 6. h3 {[%clk 1:29:42]} 6... Nbd7 {[%clk 1:25:37]} 7. O-O {
[%clk 1:29:22]} 7... Re8 {[%clk 1:20:40]} 8. Nc3 {[%clk 1:24:38]} 8... c5 {
[%clk 1:09:46]} 9. Bh2 {[%clk 1:17:41]} 9... a6 {[%clk 1:01:34]} 10. a4 { [%clk
1:14:02]} 10... cxd4 {[%clk 1:00:30]} 11. Nxd4 {[%clk 1:13:15]} 11... Nc5
{[%clk 0:55:34]} 12. Ra3 {[%clk 1:02:49]} 12... e5 {[%clk 0:39:21]} 13. Nf3 {
[%clk 0:57:28]} 13... Be6 {[%clk 0:38:27]} 14. Ng5 {[%clk 0:50:00]} 14... Qe7 {
[%clk 0:35:35]} 15. Nxe6 {[%clk 0:47:29]} 15... Qxe6 {[%clk 0:35:51]} 16. b4 {
[%clk 0:33:07]} 16... Ncd7 {[%clk 0:33:26]} 17. e4 {[%clk 0:31:03]} 17... Rac8
{[%clk 0:31:45]} 18. a5 {[%clk 0:29:17]} 18... Rc6 {[%clk 0:18:52]} 19. Qd3 {
[%clk 0:17:21]} 19... Rec8 {[%clk 0:16:57]} 20. Rb1 {[%clk 0:14:56]} 20... b5 {
[%clk 0:11:27]} 21. Nd5 {[%clk 0:14:09]} 21... Rc4 {[%clk 0:10:39]} 22. Ne3 {
[%clk 0:13:03]} 22... Rd4 {[%clk 0:08:28]} 23. Qb3 {[%clk 0:12:48]} 23... Qxb3
{[%clk 0:08:29]} 24. Rbxb3 {[%clk 0:12:27]} 24... Nxe4 {[%clk 0:06:07]} 25. c3
{[%clk 0:09:15]} 25... Rd2 {[%clk 0:06:10]} 26. Kf1 {[%clk 0:09:28]} 26... f5 {
[%clk 0:03:43]} 27. Ke1 {[%clk 0:08:28]} 27... f4 {[%clk 0:02:39]} 28. Nd1 {
[%clk 0:07:23]} 28... Rd5 {[%clk 0:01:31]} 29. Bf3 {[%clk 0:07:32]} 29... Ndf6
{[%clk 0:01:41]} 30. Rb2 {[%clk 0:07:21]} 30... Rd3 {[%clk 0:01:13]} 31. Be2 {
[%clk 0:07:29]} 31... Rd5 {[%clk 0:01:02]} 32. Bf3 {[%clk 0:07:00]} 32... Kf8 {
[%clk 0:00:57]} 33. Rc2 {[%clk 0:04:46]} 33... Rd4 {[%clk 0:00:56]} 34. Be2 {
[%clk 0:02:59]} 34... Rxb4 {[%clk 0:01:02]} 35. f3 {[%clk 0:02:28]} 35... Ng5 {
[%clk 0:01:01]} 36. Rd2 {[%clk 0:02:07]} 36... Ra4 {[%clk 0:00:49]} 37. Rxa4 {
[%clk 0:02:03]} 37... bxa4 {[%clk 0:01:18]} 38. Rxd6 {[%clk 0:02:08]} 38... a3
{[%clk 0:01:04]} 39. Rd2 {[%clk 0:02:04]} 39... Rc5 {[%clk 0:00:55]} 40. Bg1 {
[%clk 0:01:32]} 40... Rxa5 {[%clk 0:00:59]} 41. Bc4 {[%clk 0:00:50]} 41... e4 {
[%clk 0:00:35]} 42. Bb6 {[%clk 0:23:51]} 42... Rf5 {[%clk 0:18:41]} 43. h4 {
[%clk 0:17:08]} 43... Nf7 {[%clk 0:18:18]} 44. Ra2 {[%clk 0:16:32]} 44... Nd7 {
[%clk 0:12:35]} 45. Bg1 {[%clk 0:14:50]} 45... exf3 {[%clk 0:11:31]} 46. gxf3 {
[%clk 0:14:07]} 46... Ra5 {[%clk 0:12:03]} 47. Be2 {[%clk 0:11:55]} 47... Bf6 {
[%clk 0:11:58]} 48. Bf2 {[%clk 0:11:52]} 48... h5 {[%clk 0:10:34]} 49. Kd2 {
[%clk 0:11:41]} 49... Nd6 {[%clk 0:08:46]} 50. c4 {[%clk 0:07:17]} 50... Ne5 {
[%clk 0:06:10]} 51. c5 {[%clk 0:06:11]} 51... Nf5 {[%clk 0:05:23]} 52. Nc3 {
[%clk 0:05:26]} 52... Nc6 {[%clk 0:04:47]} 53. Nd5 {[%clk 0:04:47]} 53... Be5 {
[%clk 0:03:13]} 54. Bd3 {[%clk 0:04:05]} 54... Nfe7 {[%clk 0:03:07]} 55. Nxe7 {
[%clk 0:04:00]} 55... Kxe7 {[%clk 0:02:37]} 56. Kd1 {[%clk 0:01:13]} 56... Bb2
{[%clk 0:01:16]} 57. Be4 {[%clk 0:00:41]} 57... Kd7 {[%clk 0:00:43]} 58. Bxg6 {
[%clk 0:00:42]} 58... Ra4 {[%clk 0:00:58]} 59. Bc2 {[%clk 0:00:58]} 59... Rc4 {
[%clk 0:01:10]} 60. Bf5+ {[%clk 0:00:58]} 60... Kc7 {[%clk 0:01:23]} 61. Be6 {
[%clk 0:01:08]} 61... Rc1+ {[%clk 0:01:39]} 62. Kd2 {[%clk 0:01:37]} 62... Nb4
{[%clk 0:01:34]} 63. Bd4 {[%clk 0:01:01]} 63... Nxa2 {[%clk 0:01:50]} 64. Bxa2
{[%clk 0:01:26]} 64... Ra1 {[%clk 0:01:57]} 0-1

[Event "DEM U16w 2017"]
[Site "Willingen GER"]
[Date "2017.06.09"]
[Round "8"]
[White "Poetsch, Leonore"]
[Black "Ratay, Meike"]
[Result "0-1"]
[Termination "normal"]
[Board "2"]
[WhiteElo "1959"]
[BlackElo "1767"]
[WhiteClock "00:15:58"]
[BlackClock "00:08:50"]
[PlyCount "120"]
[WhiteFideId "12940372"]
[BlackFideId "12977608"]
[EventCountry "GER"]
[EventRounds "9"]
[EventType "swiss"]
[EventDate "2017.06.03"]

1. e4 {[%clk 1:30:58]} 1... e5 {[%clk 1:30:54]} 2. Nf3 {[%clk 1:31:23]} 2...
Nc6 {[%clk 1:31:19]} 3. Bc4 {[%clk 1:31:50]} 3... Bc5 {[%clk 1:31:44]} 4. c3 {
[%clk 1:32:15]} 4... Nf6 {[%clk 1:32:07]} 5. d4 {[%clk 1:32:42]} 5... exd4 {
[%clk 1:32:31]} 6. cxd4 {[%clk 1:33:08]} 6... Bb4+ {[%clk 1:32:47]} 7. Bd2 {
[%clk 1:33:34]} 7... Bxd2+ {[%clk 1:32:59]} 8. Nbxd2 {[%clk 1:34:00]} 8... d5 {
[%clk 1:33:23]} 9. exd5 {[%clk 1:34:25]} 9... Nxd5 {[%clk 1:33:48]} 10. O-O {
[%clk 1:33:59]} 10... O-O {[%clk 1:33:48]} 11. Ne5 {[%clk 1:32:16]} 11... Nxd4
{[%clk 1:18:20]} 12. Nb3 {[%clk 1:24:56]} 12... Nxb3 {[%clk 1:03:29]} 13. Bxd5
{[%clk 1:13:57]} 13... Qf6 {[%clk 0:49:43]} 14. Qxb3 {[%clk 1:12:39]} 14...
Qxe5 {[%clk 0:49:35]} 15. Rfe1 {[%clk 1:12:07]} 15... Qf6 {[%clk 0:44:10]} 16.
Re3 {[%clk 1:10:29]} 16... c6 {[%clk 0:40:53]} 17. Rf3 {[%clk 1:07:47]} 17...
Qe7 {[%clk 0:40:02]} 18. Re3 {[%clk 1:05:48]} 18... Qc7 {[%clk 0:37:04]} 19.
Rc1 {[%clk 1:04:12]} 19... Bf5 {[%clk 0:35:52]} 20. Bf3 {[%clk 1:00:04]} 20...
Rae8 {[%clk 0:29:15]} 21. Rce1 {[%clk 0:58:29]} 21... Rxe3 {[%clk 0:29:17]} 22.
Qxe3 {[%clk 0:58:53]} 22... a6 {[%clk 0:25:27]} 23. Qc5 {[%clk 0:54:58]} 23...
Be6 {[%clk 0:24:28]} 24. a3 {[%clk 0:51:43]} 24... Rd8 {[%clk 0:22:52]} 25. b4
{[%clk 0:51:04]} 25... Rd2 {[%clk 0:17:37]} 26. Bg4 {[%clk 0:47:49]} 26... Qd7
{[%clk 0:16:13]} 27. Bxe6 {[%clk 0:46:27]} 27... fxe6 {[%clk 0:16:34]} 28. Qh5
{[%clk 0:44:08]} 28... Qf7 {[%clk 0:15:11]} 29. Qc5 {[%clk 0:40:24]} 29... h6 {
[%clk 0:11:26]} 30. Qe3 {[%clk 0:38:37]} 30... Qd7 {[%clk 0:10:56]} 31. h3 {
[%clk 0:37:36]} 31... Rd3 {[%clk 0:08:43]} 32. Qc1 {[%clk 0:35:44]} 32... Qd6 {
[%clk 0:08:04]} 33. Qb2 {[%clk 0:27:48]} 33... Kf7 {[%clk 0:06:41]} 34. Kf1 {
[%clk 0:17:08]} 34... Rd1 {[%clk 0:05:54]} 35. Qe2 {[%clk 0:15:22]} 35... Rxe1+
{[%clk 0:04:22]} 36. Kxe1 {[%clk 0:15:43]} 36... Qd5 {[%clk 0:04:14]} 37. f4 {
[%clk 0:11:50]} 37... c5 {[%clk 0:02:40]} 38. bxc5 {[%clk 0:10:08]} 38... Qxc5
{[%clk 0:03:01]} 39. Qf3 {[%clk 0:10:09]} 39... Qc1+ {[%clk 0:02:02]} 40. Kf2 {
[%clk 0:10:04]} 40... Qd2+ {[%clk 0:01:58]} 41. Kg3 {[%clk 0:09:28]} 41... Qd7
{[%clk 0:28:43]} 42. Qb3 {[%clk 0:36:02]} 42... b5 {[%clk 0:26:07]} 43. Qc3 {
[%clk 0:35:44]} 43... Qd6 {[%clk 0:25:03]} 44. Kf3 {[%clk 0:33:51]} 44... Qb6 {
[%clk 0:23:34]} 45. g4 {[%clk 0:31:40]} 45... a5 {[%clk 0:21:31]} 46. f5 {
[%clk 0:29:57]} 46... exf5 {[%clk 0:20:37]} 47. gxf5 {[%clk 0:30:01]} 47... b4
{[%clk 0:19:47]} 48. axb4 {[%clk 0:29:33]} 48... axb4 {[%clk 0:20:03]} 49. Qb3+
{[%clk 0:26:39]} 49... Kf6 {[%clk 0:19:01]} 50. Qb2+ {[%clk 0:25:35]} 50...
Kxf5 {[%clk 0:17:15]} 51. Qxg7 {[%clk 0:24:55]} 51... Qc6+ {[%clk 0:15:11]} 52.
Kf2 {[%clk 0:24:22]} 52... Qc2+ {[%clk 0:14:40]} 53. Kf1 {[%clk 0:23:33]} 53...
Qd2 {[%clk 0:11:27]} 54. Qf7+ {[%clk 0:21:14]} 54... Ke4 {[%clk 0:11:27]} 55.
Qe6+ {[%clk 0:20:37]} 55... Kd3 {[%clk 0:10:51]} 56. Qd5+ {[%clk 0:17:54]}
56... Kc3 {[%clk 0:09:31]} 57. Qc6+ {[%clk 0:16:34]} 57... Kb2 {[%clk 0:08:58]}
58. Qf6+ {[%clk 0:16:14]} 58... Kb1 {[%clk 0:08:53]} 59. Qg6+ {[%clk 0:16:02]}
59... Qc2 {[%clk 0:08:50]} 60. Qxh6 {[%clk 0:15:58]} 60... Qc1+ 0-1

[Event "DEM U16w 2017"]
[Site "Willingen GER"]
[Date "2017.06.09"]
[Round "8"]
[White "Manco, Michela"]
[Black "Browning, Rebecca"]
[Result "1-0"]
[Termination "normal"]
[Board "3"]
[WhiteElo "1677"]
[BlackElo "1777"]
[WhiteClock "00:04:14"]
[BlackClock "00:33:41"]
[PlyCount "73"]
[WhiteFideId "12943908"]
[BlackFideId "12984027"]
[EventCountry "GER"]
[EventRounds "9"]
[EventType "swiss"]
[EventDate "2017.06.03"]

1. g3 {[%clk 1:30:59]} 1... d5 {[%clk 1:29:40]} 2. Bg2 {[%clk 1:30:54]} 2...
Nf6 {[%clk 1:29:26]} 3. Nf3 {[%clk 1:29:47]} 3... e6 {[%clk 1:26:31]} 4. d3 {
[%clk 1:29:44]} 4... c5 {[%clk 1:26:22]} 5. Nbd2 {[%clk 1:30:00]} 5... Nc6 {
[%clk 1:25:56]} 6. e4 {[%clk 1:28:35]} 6... Be7 {[%clk 1:25:00]} 7. O-O { [%clk
1:28:37]} 7... O-O {[%clk 1:25:17]} 8. e5 {[%clk 1:28:00]} 8... Nd7 { [%clk
1:25:31]} 9. Re1 {[%clk 1:28:22]} 9... Qc7 {[%clk 1:25:44]} 10. Qe2 { [%clk
1:28:29]} 10... b6 {[%clk 1:24:25]} 11. Nf1 {[%clk 1:28:18]} 11... Bb7 { [%clk
1:24:22]} 12. Bf4 {[%clk 1:28:26]} 12... d4 {[%clk 1:23:48]} 13. a3 { [%clk
1:26:49]} 13... Bd8 {[%clk 1:20:38]} 14. h4 {[%clk 1:26:27]} 14... Ne7 { [%clk
1:20:49]} 15. h5 {[%clk 1:24:09]} 15... Nd5 {[%clk 1:20:15]} 16. Bd2 { [%clk
1:22:57]} 16... Re8 {[%clk 1:09:58]} 17. h6 {[%clk 1:20:33]} 17... Ne7 { [%clk
1:06:27]} 18. N1h2 {[%clk 1:18:34]} 18... Ng6 {[%clk 1:04:21]} 19. Ng4 { [%clk
1:13:13]} 19... Be7 {[%clk 1:01:21]} 20. Ng5 {[%clk 1:08:02]} 20... Bxg2 {[%clk
0:54:28]} 21. Kxg2 21... Qc6+ {[%clk 0:54:37]} 22. Kh2 {[%clk 1:02:58]} 22...
f5 {[%clk 0:53:13]} 23. exf6 {[%clk 1:02:12]} 23... Nxf6 {[%clk 0:53:36]} 24.
Nxe6 {[%clk 0:58:04]} 24... Bf8 {[%clk 0:47:35]} 25. Nxf6+ {[%clk 0:46:44]}
25... gxf6 {[%clk 0:47:46]} 26. Qg4 {[%clk 0:44:44]} 26... Kh8 {[%clk 0:43:38]}
27. Nxf8 {[%clk 0:41:52]} 27... Rxf8 {[%clk 0:43:58]} 28. Re6 {[%clk 0:41:02]}
28... Qd7 {[%clk 0:43:00]} 29. Rae1 {[%clk 0:33:21]} 29... Rae8 {[%clk 0:43:05]
} 30. Qf5 {[%clk 0:14:54]} 30... Kg8 {[%clk 0:40:01]} 31. Qe4 {[%clk 0:07:26]}
31... Ne5 {[%clk 0:35:59]} 32. Rxe8 {[%clk 0:05:18]} 32... Rxe8 {[%clk 0:36:18]
} 33. Kg2 {[%clk 0:04:44]} 33... Kf7 {[%clk 0:33:13]} 34. Qxh7+ {[%clk 0:04:18]
} 34... Kf8 {[%clk 0:32:53]} 35. Qxd7 {[%clk 0:03:31]} 35... Nxd7 { [%clk
0:33:17]} 36. Rxe8+ {[%clk 0:03:51]} 36... Kxe8 {[%clk 0:33:41]} 37. h7 { [%clk
0:04:14]} 1-0

[Event "DEM U16w 2017"]
[Site "Willingen GER"]
[Date "2017.06.09"]
[Round "8"]
[White "Mütsch, Annmarie"]
[Black "Walow, Xenia"]
[Result "1-0"]
[Termination "normal"]
[Board "4"]
[WhiteElo "2124"]
[BlackElo "1704"]
[WhiteClock "00:20:04"]
[BlackClock "00:54:15"]
[PlyCount "33"]
[WhiteFideId "12971367"]
[BlackFideId "12971839"]
[EventCountry "GER"]
[EventRounds "9"]
[EventType "swiss"]
[EventDate "2017.06.03"]

1. e4 {[%clk 1:30:58]} 1... c5 {[%clk 1:30:55]} 2. Nf3 {[%clk 1:31:23]} 2... d6
{[%clk 1:31:19]} 3. d4 {[%clk 1:31:49]} 3... cxd4 {[%clk 1:31:45]} 4. Nxd4 {
[%clk 1:32:14]} 4... Nf6 {[%clk 1:32:06]} 5. Nc3 {[%clk 1:32:39]} 5... a6 {
[%clk 1:32:32]} 6. Bc4 {[%clk 1:32:55]} 6... e6 {[%clk 1:31:59]} 7. Bg5 { [%clk
1:33:15]} 7... Be7 {[%clk 1:31:38]} 8. f4 {[%clk 1:32:21]} 8... Qc7 { [%clk
1:30:31]} 9. Bb3 {[%clk 1:32:09]} 9... Nbd7 {[%clk 1:30:03]} 10. Bxe6 { [%clk
0:54:27]} 10... fxe6 {[%clk 1:27:14]} 11. Nxe6 {[%clk 0:54:47]} 11... Qb6
{[%clk 1:21:57]} 12. Nxg7+ {[%clk 0:52:36]} 12... Kf7 {[%clk 1:22:03]} 13. Nf5
{[%clk 0:38:07]} 13... Bf8 {[%clk 1:15:46]} 14. Qf3 {[%clk 0:31:32]} 14... Rg8
{[%clk 1:04:47]} 15. O-O-O {[%clk 0:29:39]} 15... Rb8 {[%clk 0:57:07]} 16. Rd2
{[%clk 0:21:24]} 16... Qc7 {[%clk 0:54:15]} 17. Rhd1 {[%clk 0:20:04]} 1-0

[Event "DEM U16w 2017"]
[Site "Willingen GER"]
[Date "2017.06.09"]
[Round "8"]
[White "Kobald, Jacqueline"]
[Black "Ehmann, Johanna"]
[Result "1-0"]
[Termination "normal"]
[Board "5"]
[WhiteElo "1693"]
[BlackElo "1777"]
[WhiteClock "00:02:14"]
[BlackClock "00:02:59"]
[PlyCount "127"]
[WhiteFideId "12988162"]
[BlackFideId "12953130"]
[EventCountry "GER"]
[EventRounds "9"]
[EventType "swiss"]
[EventDate "2017.06.03"]

1. e4 {[%clk 1:30:58]} 1... e5 {[%clk 1:30:55]} 2. Nc3 {[%clk 1:31:16]} 2...
Nc6 {[%clk 1:30:44]} 3. Bc4 {[%clk 1:31:29]} 3... Bc5 {[%clk 1:30:36]} 4. Qg4 {
[%clk 1:23:39]} 4... Bf8 {[%clk 1:19:22]} 5. Qh5 {[%clk 1:09:50]} 5... g6 {
[%clk 1:17:24]} 6. Qf3 {[%clk 1:05:42]} 6... Qf6 {[%clk 1:06:08]} 7. Nd5 {
[%clk 1:04:17]} 7... Qxf3 {[%clk 1:05:59]} 8. Nxf3 {[%clk 1:04:45]} 8... Bd6 {
[%clk 1:01:04]} 9. a3 {[%clk 0:53:46]} 9... Nce7 {[%clk 0:57:23]} 10. O-O {
[%clk 0:46:28]} 10... Nxd5 {[%clk 0:56:55]} 11. exd5 {[%clk 0:45:01]} 11... Ne7
{[%clk 0:53:12]} 12. Re1 {[%clk 0:42:26]} 12... f6 {[%clk 0:49:30]} 13. d4 {
[%clk 0:38:42]} 13... exd4 {[%clk 0:47:04]} 14. Bh6 {[%clk 0:35:12]} 14... Kf7
{[%clk 0:43:22]} 15. Bd2 {[%clk 0:27:02]} 15... Kg7 {[%clk 0:36:33]} 16. Nxd4 {
[%clk 0:27:10]} 16... c6 {[%clk 0:31:21]} 17. dxc6 {[%clk 0:22:55]} 17... bxc6
{[%clk 0:26:14]} 18. Rad1 {[%clk 0:22:13]} 18... Be5 {[%clk 0:23:44]} 19. Nf3 {
[%clk 0:18:53]} 19... d6 {[%clk 0:20:39]} 20. Nxe5 {[%clk 0:18:06]} 20... dxe5
{[%clk 0:17:59]} 21. Bb4 {[%clk 0:17:45]} 21... Nf5 {[%clk 0:16:16]} 22. Bc5 {
[%clk 0:14:07]} 22... Re8 {[%clk 0:14:28]} 23. Rd2 {[%clk 0:12:52]} 23... Kh6 {
[%clk 0:13:04]} 24. Red1 {[%clk 0:12:17]} 24... Be6 {[%clk 0:10:21]} 25. Bxe6 {
[%clk 0:12:14]} 25... Rxe6 {[%clk 0:10:46]} 26. Rd7 {[%clk 0:12:23]} 26... a6 {
[%clk 0:09:58]} 27. h3 {[%clk 0:11:13]} 27... e4 {[%clk 0:07:31]} 28. g4 {
[%clk 0:06:53]} 28... Nh4 {[%clk 0:06:51]} 29. Be3+ {[%clk 0:07:17]} 29... g5 {
[%clk 0:06:50]} 30. R7d6 {[%clk 0:05:14]} 30... Nf3+ {[%clk 0:06:19]} 31. Kf1 {
[%clk 0:05:04]} 31... Rae8 {[%clk 0:06:26]} 32. Rxe6 {[%clk 0:05:06]} 32...
Rxe6 {[%clk 0:06:50]} 33. Rd8 {[%clk 0:04:47]} 33... Ne5 {[%clk 0:06:27]} 34.
b3 {[%clk 0:04:20]} 34... Kg6 {[%clk 0:04:45]} 35. Bc5 {[%clk 0:03:54]} 35...
h5 {[%clk 0:04:00]} 36. gxh5+ {[%clk 0:04:09]} 36... Kxh5 {[%clk 0:04:19]} 37.
Rh8+ {[%clk 0:04:28]} 37... Kg6 {[%clk 0:04:39]} 38. Ke2 {[%clk 0:04:09]} 38...
Nd7 {[%clk 0:04:12]} 39. Bd4 {[%clk 0:02:40]} 39... c5 {[%clk 0:02:54]} 40. Be3
{[%clk 0:02:27]} 40... Rc6 {[%clk 0:02:11]} 41. Rd8 {[%clk 0:29:30]} 41... Ne5
{[%clk 0:26:36]} 42. Rd5 {[%clk 0:24:07]} 42... Nf3 {[%clk 0:20:28]} 43. Bxc5 {
[%clk 0:19:09]} 43... Ng1+ {[%clk 0:20:30]} 44. Ke3 {[%clk 0:19:21]} 44... Nxh3
{[%clk 0:20:04]} 45. b4 {[%clk 0:18:39]} 45... Re6 {[%clk 0:15:34]} 46. a4 {
[%clk 0:15:01]} 46... f5 {[%clk 0:13:41]} 47. b5 {[%clk 0:12:02]} 47... axb5 {
[%clk 0:12:19]} 48. axb5 {[%clk 0:08:28]} 48... f4+ {[%clk 0:11:50]} 49. Kd2 {
[%clk 0:08:50]} 49... Nxf2 {[%clk 0:09:02]} 50. Bxf2 {[%clk 0:09:00]} 50... e3+
{[%clk 0:09:23]} 51. Bxe3 {[%clk 0:09:11]} 51... Rxe3 {[%clk 0:09:16]} 52. b6 {
[%clk 0:07:59]} 52... Re7 {[%clk 0:08:19]} 53. Rb5 {[%clk 0:06:36]} 53... f3 {
[%clk 0:06:30]} 54. b7 {[%clk 0:06:46]} 54... f2 {[%clk 0:06:38]} 55. b8=Q {
[%clk 0:06:07]} 55... f1=Q {[%clk 0:06:56]} 56. Qg8+ {[%clk 0:05:24]} 56... Rg7
{[%clk 0:03:42]} 57. Rb6+ {[%clk 0:02:59]} 57... Kh5 {[%clk 0:03:36]} 58. Qh8+
{[%clk 0:03:19]} 58... Kg4 {[%clk 0:03:35]} 59. Rb4+ {[%clk 0:03:40]} 59... Kf3
{[%clk 0:02:46]} 60. Qf8+ {[%clk 0:02:56]} 60... Kg2 {[%clk 0:02:43]} 61. Rg4+
{[%clk 0:03:10]} 61... Kh2 {[%clk 0:02:34]} 62. Qxf1 {[%clk 0:02:18]} 62...
Rd7+ {[%clk 0:02:58]} 63. Kc3 {[%clk 0:01:53]} 63... Rc7+ {[%clk 0:02:59]} 64.
Rc4 {[%clk 0:02:14]} 1-0

[Event "DEM U16w 2017"]
[Site "Willingen GER"]
[Date "2017.06.09"]
[Round "8"]
[White "Nguyen, Ha Thanh"]
[Black "Flach, Helene"]
[Result "1/2-1/2"]
[Termination "normal"]
[Board "6"]
[WhiteElo "1775"]
[BlackElo "1870"]
[WhiteClock "00:10:35"]
[BlackClock "00:11:44"]
[PlyCount "49"]
[WhiteFideId "12942154"]
[BlackFideId "12929735"]
[EventCountry "GER"]
[EventRounds "9"]
[EventType "swiss"]
[EventDate "2017.06.03"]

1. e4 {[%clk 1:30:58]} 1... c5 {[%clk 1:30:53]} 2. Nf3 {[%clk 1:31:23]} 2... e6
{[%clk 1:31:17]} 3. d4 {[%clk 1:31:47]} 3... cxd4 {[%clk 1:31:43]} 4. Nxd4 {
[%clk 1:32:12]} 4... a6 {[%clk 1:32:08]} 5. Bd3 {[%clk 1:32:27]} 5... Qc7 {
[%clk 1:32:16]} 6. Qe2 {[%clk 1:32:48]} 6... d6 {[%clk 1:31:47]} 7. O-O { [%clk
1:32:52]} 7... Nf6 {[%clk 1:32:07]} 8. c4 {[%clk 1:32:36]} 8... Be7 { [%clk
1:31:42]} 9. Nc3 {[%clk 1:32:54]} 9... b6 {[%clk 1:31:46]} 10. f4 { [%clk
1:30:24]} 10... Nbd7 {[%clk 1:31:42]} 11. f5 {[%clk 1:28:38]} 11... Ne5 { [%clk
1:19:07]} 12. Nf3 {[%clk 1:15:37]} 12... O-O {[%clk 1:07:27]} 13. fxe6 { [%clk
1:06:17]} 13... Nxf3+ {[%clk 0:52:10]} 14. gxf3 {[%clk 1:05:38]} 14... fxe6
{[%clk 0:50:59]} 15. Be3 {[%clk 0:57:23]} 15... Nd7 {[%clk 0:39:37]} 16. Rac1
{[%clk 0:51:25]} 16... Ne5 {[%clk 0:37:54]} 17. b3 {[%clk 0:49:54]} 17... Bb7
{[%clk 0:32:55]} 18. Bb1 {[%clk 0:48:18]} 18... Bf6 {[%clk 0:25:07]} 19. Na4
{[%clk 0:30:40]} 19... Nd7 {[%clk 0:23:50]} 20. Qf2 {[%clk 0:26:47]} 20... Nc5
{[%clk 0:21:42]} 21. Nxc5 {[%clk 0:26:11]} 21... dxc5 {[%clk 0:20:53]} 22. Rcd1
{[%clk 0:21:01]} 22... Rad8 {[%clk 0:20:27]} 23. Bc2 {[%clk 0:20:27]} 23... Rf7
{[%clk 0:15:49]} 24. Kh1 {[%clk 0:12:54]} 24... Bc8 {[%clk 0:11:44]} 25. Qg2
{[%clk 0:10:35]} 1/2-1/2

[Event "DEM U16w 2017"]
[Site "Willingen GER"]
[Date "2017.06.09"]
[Round "8"]
[White "Cejda, Cecilia"]
[Black "Reitz, Theresa"]
[Result "0-1"]
[Termination "normal"]
[Board "7"]
[WhiteElo "1755"]
[BlackElo "1705"]
[WhiteClock "00:03:50"]
[BlackClock "00:05:32"]
[PlyCount "62"]
[WhiteFideId "12921122"]
[BlackFideId "12971901"]
[EventCountry "GER"]
[EventRounds "9"]
[EventType "swiss"]
[EventDate "2017.06.03"]

1. e4 {[%clk 1:30:59]} 1... c5 {[%clk 1:30:51]} 2. Nf3 {[%clk 1:31:20]} 2... e6
{[%clk 1:31:04]} 3. d4 {[%clk 1:31:36]} 3... cxd4 {[%clk 1:31:26]} 4. Nxd4 {
[%clk 1:32:02]} 4... a6 {[%clk 1:31:49]} 5. Nc3 {[%clk 1:32:03]} 5... Qc7 {
[%clk 1:32:01]} 6. Bd3 {[%clk 1:32:05]} 6... Nf6 {[%clk 1:32:24]} 7. Qe2 {
[%clk 1:30:50]} 7... d6 {[%clk 1:30:08]} 8. O-O {[%clk 1:30:49]} 8... b5 {
[%clk 1:27:42]} 9. f4 {[%clk 1:24:08]} 9... Nbd7 {[%clk 1:24:11]} 10. Kh1 {
[%clk 1:22:00]} 10... Bb7 {[%clk 1:20:20]} 11. Bd2 {[%clk 1:20:16]} 11... Be7 {
[%clk 1:14:54]} 12. Nd1 {[%clk 1:12:14]} 12... Rc8 {[%clk 1:08:03]} 13. Nf2 {
[%clk 1:08:00]} 13... O-O {[%clk 0:54:46]} 14. Rae1 {[%clk 1:00:27]} 14... Nc5
{[%clk 0:49:10]} 15. Qf3 {[%clk 0:48:03]} 15... Nfd7 {[%clk 0:43:16]} 16. Qg3 {
[%clk 0:43:32]} 16... Bf6 {[%clk 0:35:59]} 17. Be3 {[%clk 0:33:10]} 17... Qd8 {
[%clk 0:31:26]} 18. f5 {[%clk 0:24:26]} 18... Bh4 {[%clk 0:20:00]} 19. Qh3 {
[%clk 0:09:51]} 19... e5 {[%clk 0:17:09]} 20. Nf3 {[%clk 0:09:38]} 20... Bxf2 {
[%clk 0:16:22]} 21. Bxf2 {[%clk 0:09:51]} 21... Nf6 {[%clk 0:15:15]} 22. Bh4 {
[%clk 0:08:46]} 22... Ncd7 {[%clk 0:14:26]} 23. Ng5 {[%clk 0:07:31]} 23... h6 {
[%clk 0:14:27]} 24. Nf3 {[%clk 0:07:44]} 24... Qc7 {[%clk 0:10:42]} 25. Nd2 {
[%clk 0:06:41]} 25... d5 {[%clk 0:09:20]} 26. c3 {[%clk 0:05:20]} 26... Qd6 {
[%clk 0:05:10]} 27. Rf3 {[%clk 0:03:28]} 27... dxe4 {[%clk 0:05:19]} 28. Nxe4 {
[%clk 0:03:27]} 28... Nxe4 {[%clk 0:05:40]} 29. Bxe4 {[%clk 0:03:53]} 29...
Bxe4 {[%clk 0:04:52]} 30. Rxe4 {[%clk 0:04:15]} 30... Nf6 {[%clk 0:05:08]} 31.
Bxf6 {[%clk 0:03:50]} 31... Qd1+ {[%clk 0:05:32]} 0-1